Ante los barbaros

محفوظ في:
التفاصيل البيبلوغرافية
المؤلف الرئيسي: Vargas Vila, José María
التنسيق: كتاب
اللغة:Undetermined
منشور في: Bogotá, Colombia Editorial la Oveja Negra 1985
الطبعة:3
الموضوعات:
الوسوم: إضافة وسم
لا توجد وسوم, كن أول من يضع وسما على هذه التسجيلة!

MARC

LEADER 00000nam a2200000Ia 4500
008 170316s9999 xx 000 0 und d
040 |a cru BVZT 
090 |a 860 V-7.1a 
100 |a Vargas Vila, José María 
245 |a Ante los barbaros 
250 |a 3 
260 |a Bogotá, Colombia 
260 |b Editorial la Oveja Negra 
260 |c 1985 
300 |a 100 páginas 
650 |a LITERATURA LATINOAMERICANA 
999 |c 9315  |d 9315 
942 |c 15 D  |h 860 V-7.1a  |2 z